Statystyki dla Państwa z najwyższym współczynnikiem bezrobocia

Kliknij tutaj aby rozwiązać quiz!

Ogólne statystyki

  • Ten quiz został rozwiązany 253 razy
  • Średni wynik to 5 z 20

Statystyki odpowiedzi

%Państwo% Poprawnych
60Republika Południowej Afryki
67%
23,9Nigeria
63%
30Mali
35%
95Zimbabwe
34%
27,25Lesotho
31%
60Mozambik
30%
48Senegal
29%
51,2Namibia
28%
40,6Eswatini
23%
35Jemen
23%
30Mauretania
23%
59Dżibuti
20%
46Nepal
15%
90Nauru
14%
60Tadżykistan
14%
70Turkmenistan
12%
38,2Kiribati
10%
30,9Wyspy Marshalla
8%
35,93Bośnia i Hercegowina
7%
24,5Grenada
3%

Rozkład punktacji

Percentyl według liczby udzielonych odpowiedzi

Procent ludzi z każdym wynikiem

Twoja historia wyników

Nie rozwiązałeś tego quizu